Najczęstsze nazwy miejscowości w Polsce - Statystyki

Ogólne statystyki
  • Ten quiz został rozwiązany 326 razy
  • Średni wynik to 4 z 50
Statystyki odpowiedzi
Lp Liczba wystąpień Nazwa miejscowości % Poprawnych
4 366 Nowa Wieś
67%
1 588 Stara Wieś
53%
6 295 Góra
22%
8 258 Dąbrowa
19%
11 238 Zalesie
17%
7 259 Dół
14%
38 108 Józefów
12%
5 315 Kolonia
11%
9 250 Górki
9%
12 217 Kąty
9%
21 168 Dąbrówka
8%
13 216 Góry
7%
3 373 Piaski
7%
49 85 Piekło
7%
46 87 Ruda
7%
2 434 Podlesie
6%
15 190 Zagórze
6%
32 126 Zarzecze
6%
18 176 Budy
5%
41 100 Doły
5%
20 170 Dwór
5%
14 212 Górka
5%
23 153 Borek
4%
40 105 Brzeziny
4%
43 99 Gaj
4%
27 143 Podgórze
4%
29 130 Borki
3%
10 239 Folwark
3%
26 145 Łazy
3%
22 162 Podlas
3%
44 98 Zawodzie
3%
30 130 Dębina
2%
50 84 Majdan
2%
24 151 Nowiny
2%
19 171 Błonie
1%
36 112 Bugaj
1%
28 135 Dział
1%
37 112 Kamieniec
1%
35 113 Kamionka
1%
42 100 Kępa
1%
45 90 Poręby
1%
25 149 Wygoda
1%
31 128 Cegielnia
0%
33 123 Granice
0%
34 117 Kresy
0%
17 177 Pod Lasem
0%
39 107 Przymiarki
0%
47 87 Wygon
0%
48 87 Wymysłów
0%
16 181 Zagrody
0%
Nie znaleziono quizów pasujących do podanych kryteriów
Rozkład punktacji
Procent ludzi z każdym wynikiem
Percentyl według liczby udzielonych odpowiedzi
Twoja historia wyników
Nie rozwiązałeś tego quizu